|
|
|
|
| LEADER |
01087nam a2200337 a 4500 |
| 001 |
000844100 |
| 003 |
CZ BrMZK |
| 005 |
20070403064924.0 |
| 007 |
ta |
| 008 |
070308s2007 bu gr 000 f bulo |
| 020 |
|
|
|a 978-954-336-027-7
|q (brož.)
|
| 035 |
|
|
|a (OCoLC)320686598
|
| 040 |
|
|
|a BOA001
|b cze
|
| 041 |
1 |
|
|a bul
|h cze
|
| 072 |
|
7 |
|a 821.162.3-3
|x Česká próza
|2 Konspekt
|9 25
|
| 080 |
|
|
|a 821.162.3-3
|2 MRF
|
| 080 |
|
|
|a (0:82-3)
|2 MRF
|
| 100 |
1 |
|
|a Weiner, Richard,
|d 1884-1937
|7 jk01151496
|4 aut
|
| 245 |
1 |
0 |
|a Apatičnijat zritel :
|b ranni razkazi /
|c Richard Vajner ; prevod ot češki Zornica Chagžigimitrova
|
| 250 |
|
|
|a 1. izd.
|
| 260 |
|
|
|a Sofija :
|b Stigmati,
|c 2007
|
| 300 |
|
|
|a 252 s. ;
|c 19 cm
|
| 490 |
1 |
|
|a Češka biblioteka
|
| 550 |
|
|
|a Vydavatel: Bochemija klub
|
| 655 |
|
7 |
|a české prózy
|7 fd133972
|2 czenas
|
| 765 |
0 |
|
|t Netečný divák
|9 Bulharsky
|
| 830 |
|
0 |
|a Češka biblioteka
|
| 910 |
2 |
|
|a BOA001
|b 1-1182.077
|
| 990 |
|
|
|a BK
|
| 991 |
|
|
|b 200704
|
| 996 |
7 |
|
|b 2610305328
|c 1-1182.077
|l MZK
|r Sklad / do 1 hodiny
|n 1
|p dar
|w 000844100
|u 000010
|a 1
|e BOA001
|j MZK50
|s A
|